[Event "4NCL Online Division 3"]
[Site "online"]
[Date "2020.05.19"]
[Round "7.74"]
[White "Kan, Toby"]
[Black "Crow, Stephen"]
[Result "1/2-1/2"]
[WhiteElo "1892"]
[BlackElo "1847"]
[PlyCount "88"]
[EventDate "2020.05.19"]
[WhiteTeam "CSC 3"]
[BlackTeam "Hull Romans"]

1. e4 e6 2. d3 d5 3. Nd2 Nf6 4. g3 c5 5. Ngf3 Nc6 6. Bg2 Be7 7. O-O O-O 8. e5
Nd7 9. Re1 Qc7 10. Qe2 b6 11. Nf1 Ba6 12. h4 Rac8 13. N1h2 Nd4 14. Qd1 Nf5 15.
Bf4 h6 16. h5 Qd8 17. Qd2 Kh7 18. g4 Nh4 19. Nxh4 Bxh4 20. Nf3 Be7 21. g5 Rg8
22. gxh6 gxh6 23. Bxh6 Bb7 24. Qf4 d4 25. Kh1 Qe8 26. Ng5+ Bxg5 27. Bxg5 Bxg2+
28. Kxg2 Qe7 29. Qe4+ Kh8 30. f4 Rxg5+ 31. fxg5 Qxg5+ 32. Kh3 Rg8 33. Rg1 Qxh5+
34. Qh4 Qxh4+ 35. Kxh4 Nxe5 36. Rxg8+ Kxg8 37. Kg5 Kg7 38. a4 f6+ 39. Kf4 Ng6+
40. Kg3 a5 41. Rf1 Ne7 42. Kg4 Nd5 43. Re1 Kf7 44. Kf3 f5 1/2-1/2

[Event "4NCL Online Division 3"]
[Site "online"]
[Date "2020.05.19"]
[Round "7.81"]
[White "Kennedy, Craig"]
[Black "Pigott, Darrell N"]
[Result "1-0"]
[WhiteElo "1937"]
[BlackElo "1900"]
[PlyCount "45"]
[EventDate "2020.05.19"]
[WhiteTeam "Mushrooms 2"]
[BlackTeam "Watford 2"]

1. e4 d6 2. Nc3 Nf6 3. f4 e5 4. fxe5 dxe5 5. Nf3 Bc5 6. Bc4 O-O 7. d3 h6 8. Qe2
Nc6 9. Bd2 a6 10. O-O-O Qd6 11. h3 Nd4 12. Nxd4 Bxd4 13. g4 Nh7 14. h4 Be6 15.
g5 Bxc4 16. dxc4 hxg5 17. hxg5 c6 18. Qh2 Qg6 19. Ne2 f5 20. gxf6 Nxf6 21. Nxd4
exd4 22. Rdg1 Qh7 23. Qg2 1-0

[Event "4NCL Online Division 3"]
[Site "online"]
[Date "2020.05.19"]
[Round "7.82"]
[White "Sloan, Cecil"]
[Black "Davies, Neil"]
[Result "1/2-1/2"]
[WhiteElo "1735"]
[BlackElo "1937"]
[PlyCount "133"]
[EventDate "2020.05.19"]
[WhiteTeam "Watford 2"]
[BlackTeam "Mushrooms 2"]

1. e4 e5 2. Nf3 Nc6 3. d4 exd4 4. Bc4 Nf6 5. e5 Ne4 6. O-O Be7 7. Re1 Nc5 8.
Nxd4 Nxd4 9. Qxd4 O-O 10. Nc3 c6 11. Ne4 Nxe4 12. Qxe4 d5 13. exd6 Bxd6 14. Bf4
Qc7 15. Bxd6 Qxd6 16. Rad1 Qg6 17. Qxg6 hxg6 18. Re7 b5 19. Bd3 Bf5 20. Bxf5
gxf5 21. Rdd7 a5 22. Kf1 Rae8 23. Ke2 Rxe7+ 24. Rxe7 Rd8 25. Re5 g6 26. Rc5 Rd6
27. c4 Re6+ 28. Kd2 bxc4 29. Rxc4 Kf8 30. Rc5 a4 31. Rc4 a3 32. bxa3 Ke7 33. a4
Kd7 34. a5 Re5 35. Ra4 Kc7 36. a6 Kb8 37. Rb4+ Ka7 38. Rb7+ Kxa6 39. Rxf7 Rd5+
40. Kc2 Kb5 41. Rf6 g5 42. a4+ Kxa4 43. Rxc6 Kb5 44. Re6 Kc4 45. Re3 Ra5 46.
Kd2 Ra2+ 47. Ke1 Kd4 48. g3 g4 49. Kf1 Ra8 50. Kg2 Rh8 51. Re1 Kd5 52. Rh1 Ke5
53. h4 gxh3+ 54. Rxh3 Rg8 55. Kf3 Ra8 56. Rh4 Ra3+ 57. Kg2 Kf6 58. Rf4 Kg6 59.
g4 Kg5 60. Rxf5+ Kxg4 61. Rf8 Ra2 62. Rg8+ Kf4 63. Rb8 Kg4 64. Rb4+ Kg5 65. Kg3
Ra3+ 66. f3 Ra5 67. Rg4+ 1/2-1/2

[Event "4NCL Online Division 3"]
[Site "online"]
[Date "2020.05.19"]
[Round "7.83"]
[White "Hortin, Matthew J"]
[Black "Shaw, David K"]
[Result "1-0"]
[WhiteElo "1930"]
[BlackElo "1690"]
[PlyCount "123"]
[EventDate "2020.05.19"]
[WhiteTeam "Mushrooms 2"]
[BlackTeam "Watford 2"]

1. c4 e6 2. Nc3 f5 3. g3 Nf6 4. Bg2 Be7 5. e3 O-O 6. Nge2 c6 7. b3 d5 8. cxd5
exd5 9. O-O Nbd7 10. Bb2 Nc5 11. d3 Bd7 12. Nd4 a5 13. h3 Qc8 14. Nce2 Bd6 15.
Qc2 Qc7 16. Rac1 Rae8 17. Ba3 Nce4 18. dxe4 Bxa3 19. Nb5 Qe5 20. Nxa3 fxe4 21.
Qc3 Qf5 22. f4 Qh5 23. g4 Bxg4 24. Ng3 Qh4 25. Qe1 Bxh3 26. Nxe4 Qg4 27. Nxf6+
Rxf6 28. Qf2 Rxe3 29. Rc2 Re4 30. Kh2 Bxg2 31. Qxg2 Qh4+ 32. Qh3 Rfxf4 33. Qxh4
Rxh4+ 34. Kg3 Reg4+ 35. Kf3 Rf4+ 36. Ke2 Re4+ 37. Kd1 g5 38. Rg2 Kg7 39. Nc2
Kg6 40. Rf8 Rhf4 41. Rg8+ Kf7 42. R8xg5 Ke6 43. Rg7 Rf7 44. Rg8 Ref4 45. Re8+
Kd6 46. Ne3 Re7 47. Rxe7 Kxe7 48. Rg7+ Rf7 49. Nf5+ Kf8 50. Rxf7+ Kxf7 51. Nd6+
Kg6 52. Nxb7 h5 53. Nxa5 Kg5 54. Ke2 Kg4 55. Nxc6 Kg3 56. Kf1 Kf3 57. a4 h4 58.
a5 Ke4 59. a6 h3 60. Kg1 d4 61. Nxd4 Kxd4 62. a7 1-0

[Event "4NCL Online Division 3"]
[Site "online"]
[Date "2020.05.19"]
[Round "7.84"]
[White "Mead-Herbert, Bradley"]
[Black "Fenwick, Hugh F"]
[Result "0-1"]
[WhiteElo "1555"]
[BlackElo "1907"]
[PlyCount "54"]
[EventDate "2020.05.19"]
[WhiteTeam "Watford 2"]
[BlackTeam "Mushrooms 2"]

1. e4 e6 2. c4 d5 3. cxd5 exd5 4. e5 c5 5. f4 Nc6 6. Bb5 Nh6 7. Nf3 Be7 8. O-O
O-O 9. Bxc6 bxc6 10. Nc3 Nf5 11. Ne2 Qb6 12. Kh1 Ba6 13. Rg1 Rad8 14. Qe1 Bd3
15. Ng3 c4 16. Nxf5 Bxf5 17. g4 Be4 18. Rf1 f6 19. e6 f5 20. g5 c5 21. b3 Qxe6
22. Bb2 d4 23. Kg1 cxb3 24. axb3 Qxb3 25. Rxa7 Bd6 26. Bxd4 cxd4 27. Nxd4 Bc5
0-1

[Event "4NCL Online Division 3"]
[Site "online"]
[Date "2020.05.19"]
[Round "7.91"]
[White "Fewell, Ewan"]
[Black "Elwin, Adrian G"]
[Result "1-0"]
[WhiteElo "1907"]
[BlackElo "1982"]
[PlyCount "93"]
[EventDate "2020.05.19"]
[WhiteTeam "Nottingham University 1"]
[BlackTeam "MK Phoenix 2"]

1. e4 c6 2. d4 d5 3. exd5 cxd5 4. Bd3 Nc6 5. c3 Nf6 6. Bf4 e6 7. Nf3 Bd6 8.
Bxd6 Qxd6 9. O-O O-O 10. Nbd2 e5 11. dxe5 Nxe5 12. Nxe5 Qxe5 13. Nf3 Qh5 14.
Qb3 b6 15. Rfe1 Be6 16. Re5 Qh6 17. Qb4 d4 18. cxd4 Nd5 19. Qe1 Nf4 20. Bf1
Rad8 21. Qe3 Rd5 22. b3 Rxe5 23. dxe5 g5 24. Rc1 Qg6 25. h4 h6 26. Nd4 Bd5 27.
Rc3 Kh8 28. hxg5 Qxg5 29. Ne2 Nxe2+ 30. Qxe2 Rg8 31. Rg3 Qf4 32. Rxg8+ Kxg8 33.
Qe3 Qxe3 34. fxe3 Kf8 35. Kf2 Ke7 36. Kg3 Ke6 37. Kf4 f6 38. exf6 Kxf6 39. g3
a5 40. Bc4 Bc6 41. e4 b5 42. Bd5 Bd7 43. e5+ Ke7 44. a3 b4 45. axb4 axb4 46.
Ke4 Bb5 47. Kd4 1-0

[Event "4NCL Online Division 3"]
[Site "online"]
[Date "2020.05.19"]
[Round "7.92"]
[White "Valentine, Brian J"]
[Black "Grainger, Charlie"]
[Result "1-0"]
[WhiteElo "1926"]
[BlackElo "1832"]
[PlyCount "55"]
[EventDate "2020.05.19"]
[WhiteTeam "MK Phoenix 2"]
[BlackTeam "Nottingham University 1"]

1. e4 Nf6 2. e5 Nd5 3. d4 d6 4. c4 Nb6 5. exd6 cxd6 6. Nc3 g6 7. Be3 Bg7 8. Rc1
Nc6 9. b3 O-O 10. d5 Ne5 11. Be2 Bf5 12. f4 Ned7 13. g4 Bxc3+ 14. Rxc3 Be4 15.
Bf3 Nf6 16. Bd4 Nbd7 17. g5 Bxf3 18. Qxf3 Nh5 19. Ne2 Qa5 20. a4 Ng7 21. Bxg7
Kxg7 22. O-O Rae8 23. Qh3 Rg8 24. Qxd7 e5 25. Qxd6 exf4 26. Qf6+ Kf8 27. Nxf4
Qc5+ 28. Kh1 1-0

[Event "4NCL Online Division 3"]
[Site "online"]
[Date "2020.05.19"]
[Round "7.93"]
[White "Huseletov, Stanislav"]
[Black "Whiteside, Robert"]
[Result "1/2-1/2"]
[WhiteElo "1810"]
[BlackElo "1792"]
[PlyCount "81"]
[EventDate "2020.05.19"]
[WhiteTeam "Nottingham University 1"]
[BlackTeam "MK Phoenix 2"]

1. d4 Nf6 2. Bf4 e6 3. e3 c5 4. c3 d5 5. Nf3 Bd6 6. Nbd2 Bxf4 7. exf4 Nc6 8.
Ne5 cxd4 9. Nxc6 bxc6 10. cxd4 Qb6 11. Nb3 Ne4 12. a3 Rb8 13. f3 Qxb3 14. Qxb3
Rxb3 15. fxe4 Re3+ 16. Kd2 Rxe4 17. g3 Rxd4+ 18. Kc3 Re4 19. Bd3 Ra4 20. Kb3
Rd4 21. Kc3 c5 22. b4 Bd7 23. bxc5 Ra4 24. Rhb1 O-O 25. Rb4 Rc8 26. Kb3 Ra5 27.
Rc1 Raxc5 28. Rxc5 Rxc5 29. Rb8+ Rc8 30. Rb7 Be8 31. Rxa7 d4 32. Kb4 f6 33. Bc4
Bf7 34. Rd7 Rb8+ 35. Kc5 Kf8 36. Kxd4 Ra8 37. Ke4 Ra4 38. Rc7 Rxa3 39. Rc8+ Ke7
40. Rc7+ Kf8 41. Rc8+ 1/2-1/2

[Event "4NCL Online Division 3"]
[Site "online"]
[Date "2020.05.19"]
[Round "7.94"]
[White "Cox, Lucian"]
[Black "Majid, Haroon"]
[Result "0-1"]
[WhiteElo "1051"]
[BlackElo "1772"]
[PlyCount "78"]
[EventDate "2020.05.19"]
[WhiteTeam "MK Phoenix 2"]
[BlackTeam "Nottingham University 1"]

1. e4 c5 2. d4 cxd4 3. c3 dxc3 4. Nxc3 Nc6 5. Nf3 d6 6. Bc4 e6 7. O-O Be7 8.
Qe2 Nf6 9. Rd1 e5 10. Be3 O-O 11. Rac1 Be6 12. Nd5 Nxe4 13. Nxe7+ Qxe7 14. Bxe6
fxe6 15. Bxa7 Rxa7 16. Qxe4 Rxa2 17. Rc2 d5 18. Qe3 e4 19. Nd4 Nxd4 20. Qxd4
Qf6 21. Qb6 Raa8 22. Qxb7 Rab8 23. Qc6 Rxb2 24. Rxb2 Qxb2 25. Qxe6+ Kh8 26. Rf1
Qd4 27. Qh3 Qe5 28. Rd1 d4 29. Qd7 d3 30. Re1 Qf6 31. Qa7 d2 32. Rd1 Rd8 33.
Qe3 Qc6 34. h3 h6 35. Kf1 Qc2 36. Qe2 Kh7 37. g3 Qc3 38. h4 Qf3 39. Rxd2 Qh1#
0-1

[Event "4NCL Online Division 3"]
[Site "online"]
[Date "2020.05.19"]
[Round "7.101"]
[White "Srivastava, Arnav"]
[Black "Harrison, James"]
[Result "1-0"]
[WhiteElo "1960"]
[BlackElo "1855"]
[PlyCount "85"]
[EventDate "2020.05.19"]
[WhiteTeam "Poisoned Pawns"]
[BlackTeam "Warwick University B"]

1. d4 d5 2. c4 c6 3. Nc3 Nf6 4. Bg5 dxc4 5. a4 Qa5 6. Bxf6 exf6 7. e3 Bb4 8.
Qc2 Be6 9. Nf3 O-O 10. Be2 Na6 11. O-O Bxc3 12. bxc3 c5 13. Rfb1 cxd4 14. Nxd4
Qc7 15. Qe4 Bc8 16. Nb5 Qe5 17. Qxe5 fxe5 18. Bxc4 Bf5 19. Rd1 Nc5 20. Rd5 Nd7
21. Rad1 Nb6 22. Rxe5 Bc2 23. Rd4 Bxa4 24. Nd6 Nxc4 25. Rxc4 Bc6 26. Nf5 Rfd8
27. h3 Rd1+ 28. Kh2 Kf8 29. Nd4 a5 30. Nxc6 bxc6 31. Rxc6 a4 32. Rc7 a3 33.
Ree7 a2 34. Rxf7+ Ke8 35. Rce7+ Kd8 36. Rb7 Kc8 37. Rfc7+ Kd8 38. Rxg7 Kc8 39.
Rgc7+ Kd8 40. Rxh7 Kc8 41. Rbc7+ Kd8 42. Rcd7+ Rxd7 43. Rh8+ 1-0

[Event "4NCL Online Division 3"]
[Site "online"]
[Date "2020.05.19"]
[Round "7.102"]
[White "Koltai, Daniel"]
[Black "Trivedi, Aarnavh"]
[Result "1-0"]
[WhiteElo "1822"]
[BlackElo "1975"]
[PlyCount "123"]
[EventDate "2020.05.19"]
[WhiteTeam "Warwick University B"]
[BlackTeam "Poisoned Pawns"]

1. e4 c6 2. d4 d5 3. e5 Bf5 4. Nf3 e6 5. Be2 c5 6. c3 Nc6 7. O-O Rc8 8. Nbd2
Qb6 9. dxc5 Bxc5 10. Nb3 a6 11. Nxc5 Qxc5 12. Re1 Qb6 13. b4 Nge7 14. h3 O-O
15. Bd3 Rfd8 16. Be3 d4 17. Nxd4 Nxd4 18. Bxd4 Qc6 19. Rc1 Bxd3 20. Qxd3 Nf5
21. Qb1 Qc4 22. Qb3 Nxd4 23. Qxc4 Rxc4 24. cxd4 Rdxd4 25. Rxc4 Rxc4 26. a3 g5
27. Rd1 Rc6 28. Rd7 b5 29. Ra7 Kg7 30. g3 Kg6 31. Kg2 h5 32. Kh2 g4 33. Kg2 Kg7
34. hxg4 hxg4 35. Kf1 Kg6 36. Ke2 Rc2+ 37. Ke1 Rc6 38. Kd2 f6 39. exf6 Kxf6 40.
Ra8 Ke5 41. Rg8 Rc4 42. Ra8 Rc6 43. Rg8 Kf5 44. Rf8+ Ke5 45. Rf4 Rc4 46. Rxc4
bxc4 47. Kc3 Ke4 48. a4 Kd5 49. b5 axb5 50. axb5 Kc5 51. b6 Kxb6 52. Kxc4 Kc6
53. Kd4 Kd6 54. Ke4 e5 55. Kf5 Kd5 56. Kxg4 Ke4 57. f4 exf4 58. gxf4 Kd5 59.
Kg5 Ke6 60. Kg6 Ke7 61. f5 Kf8 62. Kf6 1-0

[Event "4NCL Online Division 3"]
[Site "online"]
[Date "2020.05.19"]
[Round "7.103"]
[White "Volovich, Julia"]
[Black "Fowler, Jonathan"]
[Result "1-0"]
[WhiteElo "1930"]
[BlackElo "1892"]
[PlyCount "77"]
[EventDate "2020.05.19"]
[WhiteTeam "Poisoned Pawns"]
[BlackTeam "Warwick University B"]

1. d4 Nf6 2. c4 g6 3. Nc3 d5 4. cxd5 Nxd5 5. e4 Nxc3 6. bxc3 Bg7 7. Bc4 O-O 8.
Ne2 c5 9. O-O Qa5 10. Bf4 cxd4 11. cxd4 Nc6 12. Rb1 a6 13. Rc1 e5 14. Bd2 Qd8
15. d5 Na5 16. Bb4 Re8 17. Bxa5 Qxa5 18. d6 Rd8 19. Bxf7+ Kxf7 20. Qb3+ Kf8 21.
Rc7 Bd7 22. f4 Bf6 23. fxe5 Qxe5 24. Nf4 Qxd6 25. Nd5 Kg7 26. Rxf6 Qxc7 27.
Nxc7 Kxf6 28. Nxa8 Rxa8 29. Qxb7 Rd8 30. Qxa6+ Be6 31. a4 Rd4 32. a5 Rxe4 33.
Qc6 Rc4 34. Qb6 Ke5 35. a6 Bd5 36. Qe3+ Kd6 37. Qa3+ Ke5 38. a7 Rc8 39. Qg3+
1-0

[Event "4NCL Online Division 3"]
[Site "online"]
[Date "2020.05.19"]
[Round "7.104"]
[White "Behler, Paul"]
[Black "Dharmasena, Gavith"]
[Result "0-1"]
[WhiteElo "1750"]
[BlackElo "1915"]
[PlyCount "58"]
[EventDate "2020.05.19"]
[WhiteTeam "Warwick University B"]
[BlackTeam "Poisoned Pawns"]

1. e4 e5 2. Nf3 Nc6 3. Bc4 Nf6 4. Ng5 d5 5. exd5 Na5 6. Bb5+ c6 7. dxc6 bxc6 8.
Bd3 Nd5 9. Nf3 Bd6 10. Nc3 O-O 11. O-O f5 12. Nxd5 cxd5 13. Bb5 Qb6 14. Ba4 e4
15. Ne1 f4 16. d3 Kh8 17. Bd2 f3 18. b4 Bxb4 19. Rb1 fxg2 20. Nxg2 Qg6 21. f4
Bh3 22. Qe2 Bxg2 23. Qxg2 Qxg2+ 24. Kxg2 Bxd2 25. Rb5 e3 26. Kf3 Rxf4+ 27. Ke2
Rxa4 28. Rxd5 Rxa2 29. Rc5 Nb3 0-1

[Event "4NCL Online Division 3"]
[Site "online"]
[Date "2020.05.19"]
[Round "7.111"]
[White "Peacock, Malcolm R"]
[Black "Walker, Max"]
[Result "0-1"]
[WhiteElo "2072"]
[BlackElo "1945"]
[PlyCount "119"]
[EventDate "2020.05.19"]
[WhiteTeam "Preston South End"]
[BlackTeam "The Rook1Es"]

1. c4 e5 2. g3 Nc6 3. Bg2 Bc5 4. Nc3 a6 5. e3 d6 6. Nge2 f5 7. d4 Ba7 8. Bxc6+
bxc6 9. dxe5 dxe5 10. Qxd8+ Kxd8 11. b3 Bb7 12. Ba3 Nf6 13. O-O-O+ Ke8 14. f3
Bxe3+ 15. Kc2 c5 16. Rhf1 Kf7 17. Na4 Rad8 18. Nec3 Nd7 19. Nd5 Bd4 20. Nxc7
Rc8 21. Nd5 Bxd5 22. cxd5 Nf6 23. Kb1 Nxd5 24. Rc1 c4 25. Rxc4 Rxc4 26. bxc4
Rb8+ 27. Nb2 Nb6 28. Rc1 Na4 29. Rc2 Nc3+ 30. Ka1 e4 31. fxe4 fxe4 32. Rd2 Bf6
33. Bd6 Re8 34. Rc2 e3 35. Nd3 Rd8 36. c5 Nb5+ 37. Ne5+ Ke6 38. Re2 Bxe5+ 39.
Bxe5 Rd1+ 40. Kb2 Rd2+ 41. Rxd2 exd2 42. Kc2 Kxe5 43. Kxd2 Kd5 44. a4 Nd4 45.
Ke3 Ne6 46. h4 Nxc5 47. Kf4 Nxa4 48. Kf5 Nc5 49. h5 a5 50. g4 a4 51. g5 a3 52.
h6 gxh6 53. gxh6 a2 54. Kf6 a1=Q+ 55. Kf7 Qf1+ 56. Kg8 Qf5 57. Kg7 Ne6+ 58. Kh8
Ng5 59. Kg8 Qf7+ 60. Kh8 0-1

[Event "4NCL Online Division 3"]
[Site "online"]
[Date "2020.05.19"]
[Round "7.112"]
[White "Brigden, Michael E"]
[Black "Thompson, Peter"]
[Result "1-0"]
[WhiteElo "1982"]
[BlackElo "1900"]
[PlyCount "115"]
[EventDate "2020.05.19"]
[WhiteTeam "The Rook1Es"]
[BlackTeam "Preston South End"]

1. d4 Nf6 2. c4 b6 3. Nc3 Bb7 4. Nf3 e6 5. a3 Be7 6. d5 O-O 7. e4 d6 8. Bd3 e5
9. O-O Bc8 10. h3 Nbd7 11. Be3 Nc5 12. Bc2 a5 13. b4 Ncd7 14. Ba4 Ba6 15. Nd2
Bb7 16. Qc2 Nh5 17. Ne2 Ba6 18. Bc6 Rb8 19. Qa4 Nhf6 20. Rab1 Bb7 21. bxa5 Nc5
22. Bxc5 dxc5 23. axb6 cxb6 24. Bxb7 Rxb7 25. Rb3 Qa8 26. Qxa8 Rxa8 27. Rfb1
Nd7 28. Nc3 Bd8 29. Nb5 Ra4 30. Rf3 Bg5 31. Nf1 f6 32. Rfb3 Rb8 33. Rc3 Kf8 34.
Ng3 g6 35. Ne2 Ke7 36. Kf1 Bd2 37. Rc2 Bh6 38. g3 f5 39. Ke1 fxe4 40. g4 Rf8
41. Ng3 e3 42. fxe3 Bxe3 43. Ne4 Rf3 44. Rc3 Nf6 45. Nxf6 Kxf6 46. Ke2 Rxh3 47.
Rxe3 Rh2+ 48. Kf3 Rxc4 49. Kg3 Rcc2 50. Rf1+ Kg7 51. Rxe5 Rb2 52. Nd6 Rhg2+ 53.
Kf4 Rbc2 54. Re7+ Kg8 55. Kg5 h6+ 56. Kxh6 Rcf2 57. Re8+ Rf8 58. Rexf8# 1-0

[Event "4NCL Online Division 3"]
[Site "online"]
[Date "2020.05.19"]
[Round "7.113"]
[White "Quinn, Kenny"]
[Black "Gao, Ian"]
[Result "0-1"]
[WhiteElo "1825"]
[BlackElo "1907"]
[PlyCount "78"]
[EventDate "2020.05.19"]
[WhiteTeam "Preston South End"]
[BlackTeam "The Rook1Es"]

1. e4 c5 2. Nf3 g6 3. d4 cxd4 4. Nxd4 Nc6 5. Be3 Nf6 6. Nc3 Bg7 7. Bc4 O-O 8.
Bb3 a6 9. f3 d6 10. Qd2 Qc7 11. O-O-O Na5 12. h4 h5 13. Bg5 Nxb3+ 14. Nxb3 Be6
15. Kb1 Nh7 16. Be3 Bxc3 17. Qxc3 Qxc3 18. bxc3 Rfc8 19. Kb2 a5 20. a3 Nf6 21.
Bd4 Nd7 22. g4 hxg4 23. h5 g5 24. fxg4 f6 25. Rhg1 Ne5 26. Bxe5 dxe5 27. Rd3
Kg7 28. Rgg3 b5 29. Kc1 Rc4 30. Nd2 Ra4 31. Kb2 Rc8 32. Rde3 b4 33. cxb4 axb4
34. axb4 Ra2+ 35. Kb1 Raxc2 36. Nb3 R2c4 37. Nd2 Rxb4+ 38. Ka1 Rc1+ 39. Nb1
Rcxb1# 0-1

[Event "4NCL Online Division 3"]
[Site "online"]
[Date "2020.05.19"]
[Round "7.114"]
[White "Saunders, Aron"]
[Black "Pennington, Geoffrey"]
[Result "1-0"]
[WhiteElo "1847"]
[BlackElo "1742"]
[PlyCount "61"]
[EventDate "2020.05.19"]
[WhiteTeam "The Rook1Es"]
[BlackTeam "Preston South End"]

1. e4 c5 2. c3 d5 3. exd5 Qxd5 4. Nf3 Bg4 5. Be2 e6 6. d4 cxd4 7. cxd4 Nc6 8.
O-O Nf6 9. Nc3 Qd8 10. Be3 Be7 11. Rc1 O-O 12. Re1 Rc8 13. Qd2 Nd5 14. Nxd5
exd5 15. a3 f6 16. Qd3 Re8 17. Bd1 Qd7 18. Bc2 g6 19. Nh4 f5 20. Nf3 Bxf3 21.
gxf3 Bd6 22. Bb3 Bb8 23. Qb5 Rcd8 24. Rc5 Nxd4 25. Qxd7 Nxf3+ 26. Kh1 Rxd7 27.
Rxd5 Nxe1 28. Rxd7+ Kh8 29. Rxb7 Nd3 30. Rxb8 Rxb8 31. Bd4+ 1-0

[Event "4NCL Online Division 3"]
[Site "online"]
[Date "2020.05.19"]
[Round "7.121"]
[White "Francis, Joel"]
[Black "Adams, Mark"]
[Result "1/2-1/2"]
[WhiteElo "1675"]
[BlackElo "1944"]
[PlyCount "114"]
[EventDate "2020.05.19"]
[WhiteTeam "Stroud The Young"]
[BlackTeam "The Full Ponty"]

1. e4 c5 2. a3 Nc6 3. b4 e6 4. b5 Ne5 5. Bb2 Ng6 6. Nf3 d6 7. c4 Nf6 8. Nc3 Be7
9. g3 O-O 10. Bg2 b6 11. d4 cxd4 12. Nxd4 Bb7 13. Qe2 Rc8 14. Rc1 Qc7 15. Na2
a5 16. O-O Rfd8 17. Nc6 Bxc6 18. bxc6 Ne5 19. Nc3 Nxc6 20. Nb5 Qb8 21. f4 Nd7
22. Rfd1 Bf8 23. Qh5 Nc5 24. e5 Rd7 25. Nxd6 Bxd6 26. Rxd6 Rxd6 27. exd6 Qxd6
28. Rd1 Qe7 29. Qg4 f6 30. Re1 Kf7 31. Qh5+ Kg8 32. g4 Qd7 33. g5 Qf7 34. Qg4
f5 35. Qe2 Ne7 36. Rd1 Ng6 37. Be5 Nxe5 38. Qxe5 Qc7 39. Qxc7 Rxc7 40. Rd6 Kf7
41. Rxb6 Na4 42. Ra6 Rxc4 43. Rxa5 Rxf4 44. Bc6 Nc3 45. Ra7+ Kg6 46. Be8+ Kxg5
47. Rxg7+ Kh6 48. Re7 Re4 49. a4 Nxa4 50. Bxa4 Rxa4 51. Rxe6+ Kg5 52. Re8 Kf4
53. Kg2 Ra2+ 54. Kh3 Ra3+ 55. Kg2 Ra2+ 56. Kh3 Ra3+ 57. Kg2 Ra2+ 1/2-1/2

[Event "4NCL Online Division 3"]
[Site "online"]
[Date "2020.05.19"]
[Round "7.122"]
[White "Fletcher, John"]
[Black "Southcott-Moyers, Indy"]
[Result "1-0"]
[WhiteElo "1994"]
[BlackElo "1442"]
[PlyCount "45"]
[EventDate "2020.05.19"]
[WhiteTeam "The Full Ponty"]
[BlackTeam "Stroud The Young"]

1. d4 d5 2. e4 dxe4 3. Nc3 Nf6 4. f3 e3 5. Bxe3 Bf5 6. g4 Bg6 7. Nge2 e6 8. Nf4
Nd5 9. Ncxd5 exd5 10. h4 f6 11. Nxg6 hxg6 12. Qd3 Kf7 13. h5 Qe8 14. Qxg6+ Ke7
15. Qd3 Nc6 16. O-O-O Kd7 17. Bh3 Nd8 18. g5+ Ne6 19. Qb5+ c6 20. Qxb7+ Kd6 21.
Bxe6 Rb8 22. Qf7 Qxe6 23. Bf4+ 1-0

[Event "4NCL Online Division 3"]
[Site "online"]
[Date "2020.05.19"]
[Round "7.123"]
[White "Carey, Alex"]
[Black "Hughes, Anthony"]
[Result "0-1"]
[WhiteElo "1442"]
[BlackElo "1873"]
[PlyCount "118"]
[EventDate "2020.05.19"]
[WhiteTeam "Stroud The Young"]
[BlackTeam "The Full Ponty"]

1. e4 Nf6 2. Nc3 e5 3. Nf3 Nc6 4. Bb5 Nd4 5. Nxe5 Qe7 6. Nf3 Nxb5 7. Nxb5 Qxe4+
8. Qe2 Qxe2+ 9. Kxe2 Nd5 10. Re1 f6 11. d3 Kf7 12. Kf1 a6 13. Nc3 Nxc3 14. bxc3
d6 15. Rb1 b5 16. Bf4 Be7 17. Nd4 Bd7 18. Re2 Rhe8 19. Rbe1 Bf8 20. Rxe8 Rxe8
21. Rxe8 Kxe8 22. Ke2 c5 23. Nb3 Be6 24. d4 Kd7 25. Ke3 g5 26. Bg3 f5 27. f4 h6
28. h4 Be7 29. hxg5 hxg5 30. fxg5 Bxg5+ 31. Bf4 Be7 32. Kd2 Kc6 33. Kc1 Kd5 34.
Kb2 Ke4 35. g3 Kf3 36. Nd2+ Ke2 37. Nb3 Bd5 38. Nc1+ Kd1 39. Nd3 Be4 40. Kb1
Bxd3 41. cxd3 cxd4 42. cxd4 d5 43. Kb2 Ke2 44. Kc3 Ba3 45. Be5 Kd1 46. Bf4 Be7
47. Bh6 Bd6 48. Bf4 Bxf4 49. gxf4 Ke2 50. Kb4 Ke3 51. Kc5 Kxf4 52. Kxd5 Ke3 53.
Ke5 f4 54. d5 f3 55. d6 f2 56. d7 f1=Q 57. d8=Q Qf4+ 58. Ke6 Qe4+ 59. Kf6 Qh4+
0-1

[Event "4NCL Online Division 3"]
[Site "online"]
[Date "2020.05.19"]
[Round "7.124"]
[White "Goldrick, Thomas G"]
[Black "Edwards, Jacob"]
[Result "1-0"]
[WhiteElo "1879"]
[BlackElo "1412"]
[PlyCount "107"]
[EventDate "2020.05.19"]
[WhiteTeam "The Full Ponty"]
[BlackTeam "Stroud The Young"]

1. d4 d5 2. Bf4 e6 3. e3 Nf6 4. Nf3 Nc6 5. Nbd2 Bd6 6. Bg3 Qe7 7. c3 e5 8. dxe5
Nxe5 9. Nxe5 Bxe5 10. Nf3 Bxg3 11. hxg3 Bg4 12. Bd3 O-O-O 13. Qa4 Kb8 14. O-O-O
Ne4 15. Bxe4 dxe4 16. Rxd8+ Rxd8 17. Nd2 Bf5 18. Rd1 Qd7 19. Qxd7 Rxd7 20. Nb3
Kc8 21. Rxd7 Kxd7 22. Nd4 Be6 23. b3 c5 24. Nxe6 Kxe6 25. c4 Kf5 26. Kc2 g5 27.
Kc3 a5 28. a3 b6 29. b4 h5 30. bxc5 bxc5 31. Kb3 h4 32. gxh4 gxh4 33. Ka4 Kg4
34. Kxa5 h3 35. gxh3+ Kxh3 36. Kb5 Kg2 37. a4 Kxf2 38. a5 Kxe3 39. a6 Kd2 40.
a7 e3 41. a8=Q e2 42. Qa2+ Ke3 43. Qa3+ Kd2 44. Qb2+ Ke3 45. Qc1+ Kf2 46. Qf4+
Ke1 47. Qxf7 Kd2 48. Qf4+ Kd1 49. Qf3 Kd2 50. Qd5+ Ke3 51. Qxc5+ Kd2 52. Qd4+
Ke1 53. Qe3 Kf1 54. c5 1-0

[Event "4NCL Online Division 3"]
[Site "online"]
[Date "2020.05.19"]
[Round "7.131"]
[White "Singh, Amrik J"]
[Black "Menadue, Jeremy F S"]
[Result "1-0"]
[WhiteElo "1870"]
[BlackElo "1996"]
[PlyCount "83"]
[EventDate "2020.05.19"]
[WhiteTeam "Warley Mighty Quins"]
[BlackTeam "Falmouth & Truro"]

1. e4 Nf6 2. d3 d5 3. e5 Nfd7 4. f4 Nb6 5. Nf3 Bg4 6. c3 e6 7. Be2 c5 8. O-O
Nc6 9. Na3 Rc8 10. Nc2 Be7 11. Qe1 Bxf3 12. Bxf3 O-O 13. Qf2 f5 14. exf6 Bxf6
15. Bg4 Qd6 16. Bd2 Rce8 17. Bh5 g6 18. Bf3 Bg7 19. g3 Kh8 20. Qg2 Na4 21. Rab1
Nb6 22. Ne3 Rd8 23. Ng4 Nd7 24. Rbe1 b5 25. b3 a6 26. Nf2 Rc8 27. Nh3 h6 28.
Nf2 b4 29. c4 Nd4 30. Bg4 Rce8 31. Qh3 Nf5 32. Bd1 Kg8 33. g4 Nd4 34. Qg3 a5
35. Be3 g5 36. Nh3 gxf4 37. Nxf4 Ne5 38. g5 hxg5 39. Qxg5 Nf7 40. Qg2 Nf5 41.
Ng6 Nxe3 42. Rxe3 1-0

[Event "4NCL Online Division 3"]
[Site "online"]
[Date "2020.05.19"]
[Round "7.132"]
[White "Kneebone, Robin F G"]
[Black "Turner, Jon"]
[Result "1-0"]
[WhiteElo "1952"]
[BlackElo "1885"]
[PlyCount "105"]
[EventDate "2020.05.19"]
[WhiteTeam "Falmouth & Truro"]
[BlackTeam "Warley Mighty Quins"]

1. d4 f5 2. g3 Nf6 3. Nf3 e6 4. Bg2 d5 5. O-O c6 6. c4 Bd6 7. Nc3 O-O 8. Qc2
Nbd7 9. cxd5 cxd5 10. Nb5 Nb6 11. Nxd6 Qxd6 12. Bf4 Qe7 13. Rfc1 Ne8 14. Qc5
Rf7 15. Ne5 Nd7 16. Qxe7 Rxe7 17. Bg5 Ndf6 18. Rc2 h6 19. Ng6 Rf7 20. Be3 Kh7
21. Ne5 Re7 22. Rac1 Bd7 23. Bd2 a5 24. h3 Bb5 25. Be1 Nd7 26. Bf3 Nxe5 27.
dxe5 Bc6 28. Bd2 a4 29. h4 Nc7 30. Bb4 Rd7 31. e3 Nb5 32. Kh2 Kg6 33. h5+ Kf7
34. Bc5 Nc7 35. Rd1 Na6 36. Bd6 Nc7 37. Bc5 Na6 38. Bd6 Nc7 39. Be2 Ne8 40. Bb4
Nc7 41. g4 g6 42. hxg6+ Kxg6 43. Bd3 Rf7 44. Rg1 Kh7 45. Bd6 Ne8 46. gxf5 exf5
47. e6 Rf6 48. Be7 a3 49. b3 Ra5 50. Bxf6 Nxf6 51. Bxf5+ Kh8 52. Rg6 d4 53.
Rxf6 1-0